00386nam a22001457a 4500003001200000005001700012008004100029020001500070040001200085082001700097100002100114245007200135260001100207650002200218NUST - PNEC20170116180839.0150817b xxu||||| |||| 00| 0 eng d a0195778251 cLIBRARY a379.5491 HOO aHoodbhoy, Pervez aEducation and the state : fifty years of PakistancPervez Hoodbhoy cc1998. aPakistanxGeneral